000 00446nam a2200145Ia 4500
008 191111s9999 xx 000 0 und d
020 _a9781496363541PH
100 _aFerrier, Denise R.
245 _cDenise R. Ferrier.--
_aLippincott illustrated reviews :
_bbiochemistry /
250 _a7th ed
260 _aUSA :
_bLippincott Williams & Wilkins
_c2017
300 _aviii, 567 pages.
650 _aBiochemistry
650 _aClinical biochemistry
999 _c362571
_d362571